000 00468nam a2200133 a 4500
008 120416s1960 ||||||||||||||||| || u
050 _aLC 4661 Tan
100 _aTansley, A. E
245 1 4 _aThe Education of slow learning children
250 _a2nd ed.
260 _aLondon
_bRoutledge
_c1960
350 _a0.00
995 _D0.00
_FCBU-MAIN LIBRARY (Kitwe)
_H1
_I2.00
_M1
_UAVAILABLE
_ZAnnex Low-Usage Collection
999 _c41155
_d41155